| 000 | 00661nam a22002177a 4500 | ||
|---|---|---|---|
| 003 | BD-DhJNU | ||
| 005 | 20250724042710.0 | ||
| 008 | 250724b |||||||| |||| 00| 0 eng d | ||
| 020 | _a0195024680 | ||
| 020 | _a0195024699 | ||
| 040 |
_aBD-DhJNU _bENG _cBD-DhJNU _dBD-DhJNU |
||
| 082 |
_223 _a973 AME |
||
| 245 |
_aAmerican vistas / _cedited by Leonard Dinnerstein and Kenneth T. Jackson |
||
| 250 | _a3rd ed. | ||
| 260 |
_aNew York : _bOxford University Press, _c1987. |
||
| 300 |
_a8, 318p. : _bill. ; _c21 cm |
||
| 650 |
_aUnited States _xHistory |
||
| 700 |
_aDinnerstein, Leonard _eeditor |
||
| 700 |
_aJackson, Kenneth T _eeditor |
||
| 942 |
_2ddc _cBK _n0 |
||
| 999 |
_c1938 _d1938 |
||